[Event "East Lansing (MI Op/3)"]
[Site "?"]
[Date "1982.??.??"]
[Round "?"]
[White "Turner, George"]
[Black "Rawley, L.."]
[Result "0-1"]
[WhiteElo "2030"]
[BlackElo "2235"]
[PlyCount "60"]
[EventDate "1982.??.??"]

1. d4 d5 2. c4 e6 3. Nc3 Nf6 4. Nf3 Nbd7 5. Bg5 c6 6. e3 Qa5 7. Nd2 dxc4 8.
Bxf6 Nxf6 9. Nxc4 Qc7 10. Bd3 Be7 11. O-O O-O 12. Qe2 b6 13. Rad1 Bb7 14. e4
Rad8 15. e5 Nd5 16. Qh5 h6 17. Nxd5 Rxd5 18. Ne3 Rxd4 19. Bh7+ Kxh7 20. Rxd4 c5
21. Rd2 Bc6 22. f4 b5 23. b3 Qb6 24. Ng4 c4+ 25. Kh1 c3 26. Rd3 Qb7 27. Rg1 c2
28. Nxh6 Bxg2+ 29. Rxg2 c1=Q+ 30. Rd1 g6 0-1

[Event "East Lansing (MI Op/1)"]
[Site "?"]
[Date "1982.??.??"]
[Round "?"]
[White "Turner, George"]
[Black "Pendell, C.."]
[Result "1-0"]
[WhiteElo "2030"]
[BlackElo "1815"]
[PlyCount "97"]
[EventDate "1982.??.??"]

1. d4 Nf6 2. c4 d6 3. Nc3 Nbd7 4. e4 e5 5. Nf3 c6 6. Bg5 Be7 7. Qd2 Qc7 8. Be2
O-O 9. O-O Re8 10. d5 cxd5 11. cxd5 a6 12. Rac1 Qa5 13. a3 b5 14. Bd3 Rb8 15.
b4 Qb6 16. Be3 Qb7 17. Rc2 Nb6 18. Rfc1 Bd7 19. Qe2 Rec8 20. Nd2 Ng4 21. Nb3
Nxe3 22. Qxe3 h6 23. g3 Rc7 24. Na5 Qa8 25. Ne2 Rxc2 26. Rxc2 Bd8 27. Nc6 Nc4
28. Bxc4 Bxc6 29. dxc6 bxc4 30. Rxc4 Rc8 31. Qc1 Qa7 32. Nc3 Bb6 33. Qc2 a5 34.
Nd5 Kf8 35. c7 Qb7 36. Rc6 Bd4 37. bxa5 Bc5 38. Rxc5 dxc5 39. Qxc5+ Kg8 40.
Ne7+ Kh7 41. Nxc8 Qb1+ 42. Kg2 Qxe4+ 43. Kf1 Qb1+ 44. Ke2 Qb2+ 45. Kd1 g6 46.
Ne7 Qb1+ 47. Kd2 Qb2+ 48. Qc2 Qd4+ 49. Ke2 1-0

[Event "East Lansing (MI Op/6)"]
[Site "?"]
[Date "1982.??.??"]
[Round "?"]
[White "Turner, George"]
[Black "Finegold, Ron"]
[Result "0-1"]
[WhiteElo "2030"]
[BlackElo "2185"]
[PlyCount "52"]
[EventDate "1982.??.??"]

1. d4 Nf6 2. c4 e6 3. Nc3 b6 4. e4 Bb4 5. Bd3 c5 6. dxc5 Bb7 7. e5 Bxg2 8. exf6
Qxf6 9. Nge2 Bxh1 10. cxb6 axb6 11. Be3 Bf3 12. Qb3 Bxe2 13. Bxe2 Nc6 14. O-O-O
Bxc3 15. bxc3 O-O 16. Rxd7 Qe5 17. Qc2 Ra3 18. Kd2 Rfa8 19. Bf3 Rxa2 20. Bxc6
Rxc2+ 21. Kxc2 Rc8 22. Bxb6 Qxh2 23. Bd4 e5 24. Be3 h5 25. Bd5 Qh3 26. Re7 Qf5+
0-1

[Event "East Lansing (MI Op/4)"]
[Site "?"]
[Date "1982.??.??"]
[Round "?"]
[White "Triplett, Thomas"]
[Black "Lehotzky, Attila"]
[Result "0-1"]
[WhiteElo "1825"]
[BlackElo "1915"]
[PlyCount "104"]
[EventDate "1982.??.??"]

1. Nf3 Nf6 2. d4 e6 3. Bg5 Be7 4. Bxf6 Bxf6 5. e4 d5 6. e5 Be7 7. Bd3 c5 8. c3
Nc6 9. Bc2 Qb6 10. b3 cxd4 11. O-O dxc3 12. Nxc3 h6 13. a3 Bd7 14. b4 Rc8 15.
Qd3 Nb8 16. Rfc1 Qa6 17. Qe3 b6 18. Bd3 Qb7 19. Nd4 a6 20. Qg3 O-O 21. f4 f5
22. Rc2 b5 23. Kh1 Qb6 24. Nce2 Rxc2 25. Bxc2 Rc8 26. Bd3 Nc6 27. Nb3 a5 28.
bxa5 Nxa5 29. Nbd4 Bc5 30. Nf3 Bf2 31. Qh3 Qe3 32. Nfg1 Bxg1 33. Nxg1 Qxh3 34.
Nxh3 Rc3 35. Nf2 Nb3 36. Rd1 Nc5 37. g3 Rxa3 38. Bf1 b4 39. Rc1 Rc3 40. Rb1 b3
41. Rb2 Na4 42. Rb1 b2 43. Nd3 Bb5 44. Nxb2 Rb3 45. Bxb5 Rxb5 46. Ra1 Nxb2 47.
Rb1 Rb6 48. Kg1 d4 49. Kf1 d3 50. Ke1 Kf7 51. Kd2 Nc4+ 52. Kc1 d2+ 0-1

[Event "East Lansing (MI Op/1)"]
[Site "?"]
[Date "1982.??.??"]
[Round "?"]
[White "Triplett, Thomas"]
[Black "Beaver, Andrew"]
[Result "0-1"]
[WhiteElo "1825"]
[BlackElo "2060"]
[PlyCount "94"]
[EventDate "1982.??.??"]

1. Nf3 d5 2. d4 Nf6 3. e3 Bf5 4. c4 e6 5. Nc3 Nbd7 6. Be2 h6 7. Bd2 c6 8. c5 b6
9. b4 bxc5 10. bxc5 Qc7 11. Nh4 Bh7 12. f4 Be7 13. Nf3 O-O 14. O-O Rfb8 15. Ne5
Rb2 16. Na4 Rb7 17. Bd3 Bxd3 18. Nxd3 Ne4 19. Be1 Rab8 20. Nc3 Nxc3 21. Bxc3
Nf6 22. Nf2 Rb5 23. Qc2 Qb7 24. g3 Bd8 25. Kg2 Qa6 26. Kf3 Qa3 27. Rfb1 Rxb1
28. Rxb1 Rxb1 29. Qxb1 Qxc3 30. Qb8 Qa5 31. Nd3 Nd7 32. Qb7 Qc7 33. Qb3 Qb8 34.
Qa4 Qb5 35. Qa3 a5 36. h4 Qb1 37. h5 Qh1+ 38. Kf2 Nf6 39. Qb2 Ne4+ 40. Ke2 Qg2+
41. Ke1 a4 42. Qb8 Qd2+ 43. Kf1 Qxd3+ 44. Kg2 Qe2+ 45. Kh1 Nf2+ 46. Kg2 Ng4+
47. Kh3 Qf1+ 0-1

[Event "East Lansing (MI Op/5)"]
[Site "?"]
[Date "1982.??.??"]
[Round "?"]
[White "Thurman, John"]
[Black "Woods, T.."]
[Result "1-0"]
[WhiteElo "1605"]
[BlackElo "1605"]
[PlyCount "53"]
[EventDate "1982.??.??"]

1. c4 d6 2. Nc3 e5 3. g3 Nf6 4. Bg2 c6 5. d3 Be7 6. Nf3 Na6 7. a3 O-O 8. O-O
Nc5 9. b4 Ne6 10. e3 h6 11. Bb2 Nh7 12. Qc2 Nhg5 13. Nxg5 Nxg5 14. f4 Nh3+ 15.
Kh1 exf4 16. exf4 g5 17. f5 g4 18. Bxh3 gxh3 19. Ne4 b5 20. f6 Kh7 21. fxe7
Qxe7 22. Nf6+ Qxf6 23. Rxf6 c5 24. Qd2 Bb7+ 25. Kg1 Rfe8 26. Rxh6+ Kg8 27. Rh8#
1-0

[Event "East Lansing (MI Op/6)"]
[Site "?"]
[Date "1982.??.??"]
[Round "?"]
[White "Thurman, John"]
[Black "King, H.."]
[Result "0-1"]
[WhiteElo "1605"]
[BlackElo "1685"]
[PlyCount "32"]
[EventDate "1982.??.??"]

1. c4 Nf6 2. Nc3 e6 3. d4 Bb4 4. Qc2 c5 5. dxc5 Bxc5 6. Bg5 Bxf2+ 7. Kd1 Bc5 8.
e4 h6 9. Bh4 g5 10. Be1 Nc6 11. Nf3 b6 12. e5 Ng4 13. Qe4 Ne3+ 14. Ke2 Nxf1 15.
Rxf1 Bb7 16. a3 Nd4+ 0-1

[Event "East Lansing (MI Op/6)"]
[Site "?"]
[Date "1982.??.??"]
[Round "?"]
[White "Thompson, Dexter"]
[Black "Rawley, L.."]
[Result "0-1"]
[WhiteElo "2060"]
[BlackElo "2235"]
[PlyCount "68"]
[EventDate "1982.??.??"]

1. e4 e5 2. Nf3 Nc6 3. d4 exd4 4. c3 dxc3 5. Bc4 d6 6. Nxc3 Nf6 7. Ng5 Ne5 8.
Bb3 Bg4 9. Qc2 Bh5 10. O-O Be7 11. f4 Nc6 12. h3 h6 13. g4 hxg5 14. fxg5 Nxg4
15. hxg4 Bg6 16. Nd5 Qd7 17. Qg2 O-O-O 18. Ba4 Rde8 19. e5 Rh4 20. Rf4 dxe5 21.
Rc4 Bd3 22. Rxc6 bxc6 23. Bxc6 Qxg4 24. Qxg4+ Rxg4+ 25. Kf2 Bc5+ 26. Kf3 Rd4
27. Bxe8 Be4+ 28. Kg4 Bxd5+ 29. Kf5 Rd1 30. Kxe5 Bd6+ 31. Kf5 Re1 32. g6 Be6+
33. Kg5 f6+ 34. Kh4 Rh1# 0-1

[Event "East Lansing (MI Op/4)"]
[Site "?"]
[Date "1982.??.??"]
[Round "?"]
[White "Thompson, Dexter"]
[Black "Fricko, F.."]
[Result "1/2-1/2"]
[WhiteElo "2060"]
[BlackElo "1965"]
[PlyCount "166"]
[EventDate "1982.??.??"]

1. e4 e6 2. d4 d5 3. e5 c5 4. c3 Nc6 5. Nf3 Nge7 6. a3 Bd7 7. Nbd2 cxd4 8. cxd4
Qb6 9. Nb3 Ng6 10. Bd2 a5 11. Bc3 Nd8 12. Nc1 Be7 13. g3 Bb5 14. Bd3 Nc6 15.
Qb3 Nb4 16. Bxb5+ Qxb5 17. axb4 a4 18. Qc2 Bxb4 19. Nd3 Be7 20. O-O O-O 21.
Rfc1 Rfc8 22. Nd2 Nf8 23. b4 axb3 24. Nxb3 Ba3 25. Rcb1 Qc4 26. Nbc5 b6 27.
Rxb6 Bxc5 28. Rxa8 Bxb6 29. Rxc8 Qxc8 30. Qb3 Nd7 31. Nb2 h6 32. Na4 Ba7 33.
Qb5 Qc7 34. Kf1 Qc4+ 35. Qxc4 dxc4 36. Nb2 Nb6 37. Ke2 Nd5 38. Kd2 Nxc3 39.
Kxc3 Kf8 40. Nxc4 Ke7 41. f4 h5 42. Kd3 g6 43. Ke4 Bb8 44. h3 f5+ 45. exf6+
Kxf6 46. Ne5 Bd6 47. g4 hxg4 48. hxg4 Bc7 49. g5+ Kg7 50. Kd3 Ba5 51. Kc2 Be1
52. Kd3 Ba5 53. Nc6 Bc7 54. Ne5 Ba5 55. Nf3 Bc7 56. Ke4 Kf7 57. Ne5+ Kg7 58. d5
exd5+ 59. Kxd5 Ba5 60. Nc4 Be1 61. Nd6 Bd2 62. Ke5 Bc3+ 63. Ke4 Bd2 64. Nc4 Bb4
65. Kd5 Be1 66. Ke6 Bg3 67. f5 gxf5 68. Kxf5 Bh4 69. g6 Bf6 70. Nd6 Bc3 71.
Ne8+ Kf8 72. Nf6 Kg7 73. Nh5+ Kh6 74. Nf4 Kg7 75. Ne6+ Kh6 76. Ng5 Kg7 77. Ne6+
Kh6 78. Nf4 Kg7 79. Nd5 Bb2 80. Ne7 Kf8 81. Nd5 Kg7 82. Nf4 Bc3 83. Nh5+ Kh6
1/2-1/2

[Event "East Lansing (MI Op/2)"]
[Site "?"]
[Date "1982.??.??"]
[Round "?"]
[White "Thompson, Dexter"]
[Black "Craft, M.."]
[Result "1-0"]
[WhiteElo "2060"]
[BlackElo "1820"]
[PlyCount "103"]
[EventDate "1982.??.??"]

1. e4 b6 2. d4 Bb7 3. Nd2 e6 4. Ngf3 c5 5. c3 cxd4 6. Nxd4 Nc6 7. Bd3 Bc5 8.
N2b3 Nxd4 9. Nxc5 bxc5 10. cxd4 cxd4 11. O-O Ne7 12. Qb3 Bc6 13. Bf4 O-O 14.
Qb4 d5 15. Bd6 Re8 16. e5 Qd7 17. Rac1 Nc8 18. Rxc6 Qxc6 19. Bb5 Qb7 20. Bxe8
Nxd6 21. Qxb7 Nxb7 22. Bc6 Rb8 23. Bxb7 Rxb7 24. Rc1 h6 25. b3 Kh7 26. Rd1 Rc7
27. Kf1 Rc2 28. Rxd4 Rxa2 29. Rb4 Rb2 30. Rb7 Kg6 31. g4 a5 32. h4 a4 33. h5+
Kh7 34. Rxf7 Rxb3 35. Ra7 Rb4 36. f3 Kg8 37. Kf2 Rb2+ 38. Kg3 Rb4 39. f4 Rb3+
40. Kf2 a3 41. f5 Rb2+ 42. Ke3 exf5 43. gxf5 Rb4 44. e6 Kf8 45. Rxa3 Re4+ 46.
Kd3 Ke7 47. Ra7+ Kf8 48. Rd7 Re5 49. Rf7+ Ke8 50. Kd4 Re4+ 51. Kxd5 Re1 52.
Rxg7 1-0

[Event "Ann Arbor (MI Futurity/2)"]
[Site "?"]
[Date "1982.??.??"]
[Round "?"]
[White "Tennant, S.."]
[Black "Puls, M.."]
[Result "1/2-1/2"]
[WhiteElo "2315"]
[BlackElo "2105"]
[PlyCount "80"]
[EventDate "1982.??.??"]

1. d4 Nf6 2. c4 c5 3. d5 e6 4. Nc3 exd5 5. cxd5 d6 6. e4 g6 7. Nf3 Bg7 8. Be2
O-O 9. O-O Re8 10. Nd2 Na6 11. f3 Nc7 12. a4 b6 13. Nc4 Ba6 14. Bg5 Qd7 15. Qd2
Bxc4 16. Bxc4 a6 17. Rab1 b5 18. Bd3 c4 19. Be2 Qc8 20. Na2 Nd7 21. Nb4 Nc5 22.
axb5 axb5 23. Nc6 Nb3 24. Qf4 Qd7 25. Bf6 Nxd5 26. exd5 Rxe2 27. Rfe1 Rae8 28.
Rxe2 Rxe2 29. h4 Bxf6 30. Qxf6 Qf5 31. Ne7+ Rxe7 32. Qxe7 Qxb1+ 33. Kh2 Qxb2
34. Qxd6 Qd4 35. Qd8+ Kg7 36. h5 Qe5+ 37. Kg1 Qe1+ 38. Kh2 Qe5+ 39. Kg1 Qe1+
40. Kh2 Qe5+ $4 1/2-1/2

[Event "Ann Arbor (MI Futurity/5)"]
[Site "?"]
[Date "1982.??.??"]
[Round "?"]
[White "Tennant, S.."]
[Black "O'Donnell, Robert"]
[Result "1-0"]
[WhiteElo "2315"]
[BlackElo "2150"]
[PlyCount "61"]
[EventDate "1982.??.??"]

1. d4 Nf6 2. c4 e6 3. Nc3 Bb4 4. f3 c5 5. d5 Bxc3+ 6. bxc3 Nh5 7. g3 f5 8. e4
f4 9. dxe6 Qf6 10. Ne2 fxg3 11. Bg2 Qxe6 12. hxg3 Nf6 13. g4 O-O 14. g5 Ne8 15.
Nf4 Qf7 16. Qd5 Qxd5 17. cxd5 Nd6 18. g6 h6 19. Nh5 Na6 20. Bf4 Ne8 21. d6 b5
22. Rb1 Rb8 23. Bf1 Nf6 24. Nxg7 Nxe4 25. Nh5 Nxc3 26. Rxb5 Re8+ 27. Kd2 Nxb5
28. Bc4+ Re6 29. Bxe6+ dxe6 30. Bxh6 Rb7 31. Nf6+ 1-0

[Event "Ann Arbor (MI Futurity/9)"]
[Site "?"]
[Date "1982.??.??"]
[Round "?"]
[White "Tennant, S.."]
[Black "Kensek, R.."]
[Result "1-0"]
[WhiteElo "2315"]
[BlackElo "2220"]
[PlyCount "85"]
[EventDate "1982.??.??"]

1. d4 Nf6 2. c4 e6 3. Nc3 c5 4. d5 exd5 5. cxd5 d6 6. e4 g6 7. Nf3 Bg4 8. Qa4+
Bd7 9. Qb3 b6 10. a4 a6 11. Bg5 Be7 12. Nd2 O-O 13. Bxf6 Bxf6 14. Nc4 Bxa4 15.
Qxb6 Bxc3+ 16. bxc3 Bc2 17. f3 Qh4+ 18. Kd2 Bxe4 19. fxe4 Qxe4 20. Ne3 Nd7 21.
Qb1 Qf4 22. g3 Qf2+ 23. Be2 Rfe8 24. Qg1 Qf6 25. Qf1 Qe7 26. Qf4 Nf6 27. Bd3
Rab8 28. Rab1 Nh5 29. Qf3 a5 30. Nc4 a4 31. Rxb8 Rxb8 32. Ra1 Ra8 33. Bc2 Qg5+
34. Ke2 Re8+ 35. Kf2 Nf6 36. Nxd6 Ng4+ 37. Kg1 Ne5 38. Qf4 Rd8 39. Qxg5 Nf3+
40. Kf1 Nxg5 41. Ne4 Nf3 42. Kg2 Ne5 43. Rxa4 1-0

[Event "Ann Arbor (MI Futurity/7)"]
[Site "?"]
[Date "1982.??.??"]
[Round "?"]
[White "Tennant, S.."]
[Black "Gajic, Z.."]
[Result "1/2-1/2"]
[WhiteElo "2315"]
[BlackElo "2305"]
[PlyCount "126"]
[EventDate "1982.??.??"]

1. d4 Nf6 2. c4 g6 3. Nc3 d5 4. cxd5 Nxd5 5. e4 Nxc3 6. bxc3 Bg7 7. Nf3 O-O 8.
Be3 c5 9. Qd2 cxd4 10. cxd4 Nc6 11. Be2 Bg4 12. Rd1 Qa5 13. Qxa5 Nxa5 14. O-O
Rac8 15. Rc1 Bxf3 16. gxf3 e6 17. d5 exd5 18. exd5 b6 19. d6 Bb2 20. Rxc8 Rxc8
21. d7 Rd8 22. Bb5 Be5 23. Rc1 Kf8 24. Rc8 Ke7 25. Bh6 Bf6 26. Bf4 Bh4 27. Rc2
Rxd7 28. Bxd7 Kxd7 29. Rc7+ Ke6 30. Rxa7 Bd8 31. Kf1 h5 32. Ke2 Nc6 33. Ra4 b5
34. Re4+ Kd5 35. Kd3 Be7 36. Kc3 Bf6+ 37. Kd3 Bd4 38. Be3 Be5 39. f4 Bd6 40.
Bd2 Bc5 41. f3 Be7 42. Re1 Bd6 43. Rb1 b4 44. Be3 Nd8 45. h3 Nc6 46. Bd2 Bc5
47. Re1 Be7 48. Rxe7 Nxe7 49. Bxb4 Nf5 50. a4 Nd4 51. a5 Nxf3 52. a6 Kc6 53. a7
Kb7 54. Bc5 g5 55. Ke4 g4 56. hxg4 hxg4 57. Kf5 g3 58. Kg4 Nd2 59. Be3 Nc4 60.
Bg1 g2 61. Kf3 f5 62. Kxg2 Nb2 63. Kg3 Nd3 1/2-1/2

[Event "Ann Arbor (MI Futurity/3)"]
[Site "?"]
[Date "1982.??.??"]
[Round "?"]
[White "Tennant, S.."]
[Black "Buchholz, M.."]
[Result "1-0"]
[WhiteElo "2315"]
[BlackElo "2165"]
[PlyCount "93"]
[EventDate "1982.??.??"]

1. d4 Nf6 2. c4 e6 3. Nc3 d5 4. cxd5 exd5 5. Bg5 Be7 6. e3 O-O 7. Nf3 h6 8. Bh4
b6 9. Bd3 Bb7 10. Rc1 Nbd7 11. O-O Re8 12. Ne5 Nxe5 13. dxe5 Nd7 14. Bg3 c6 15.
Bb1 Nf8 16. Qd3 Bh4 17. Bxh4 Qxh4 18. f4 Rad8 19. b4 Qe7 20. a3 f6 21. e4 fxe5
22. fxe5 d4 23. Ba2+ Ne6 24. Ne2 Kh8 25. Bxe6 Qxe6 26. Nf4 Qg8 27. Qh3 Qh7 28.
Qf5 Qxf5 29. exf5 Kg8 30. e6 Rd6 31. Rf3 Rc8 32. Rg3 Kf8 33. Ng6+ Ke8 34. Ne7
Kxe7 35. Rxg7+ Kf6 36. Rf7+ Kg5 37. h4+ Kg4 38. Rf1 Ba6 39. Rg7+ Kh5 40. Rf2 d3
41. f6 Rd5 42. f7 Re5 43. Rg8 d2 44. Rxd2 Re1+ 45. Kh2 Rf1 46. Rxc8 Bxc8 47. e7
1-0

[Event "East Lansing (MI Op/5)"]
[Site "?"]
[Date "1982.??.??"]
[Round "?"]
[White "Szczypka, Tom"]
[Black "Posthumus, J.."]
[Result "1/2-1/2"]
[WhiteElo "1925"]
[BlackElo "1825"]
[PlyCount "91"]
[EventDate "1982.??.??"]

1. d4 Nf6 2. Nc3 g6 3. Bf4 d6 4. Qd2 Bg7 5. e4 O-O 6. Bc4 c6 7. Nf3 Qa5 8. O-O
Bg4 9. Be2 Nbd7 10. h3 Bxf3 11. Bxf3 Rfc8 12. Rfe1 e5 13. dxe5 dxe5 14. Bg5 Qc7
15. Rad1 Nc5 16. Qd6 Ne6 17. Qxc7 Rxc7 18. Be3 b6 19. Rd3 Rd8 20. Red1 Rcd7 21.
Rxd7 Rxd7 22. Rxd7 Nxd7 23. Bg4 Ndf8 24. Ne2 h5 25. Bf3 Kh7 26. Kf1 Nd4 27.
Nxd4 exd4 28. Bf4 Nd7 29. Ke1 Ne5 30. Be2 f6 31. Kd2 h4 32. f3 g5 33. Bh2 Kg6
34. Bd3 Bf8 35. a3 a5 36. Bg1 c5 37. Bb5 Kf7 38. Ba4 Bd6 39. Bb3+ Ke7 40. c3
dxc3+ 41. Kxc3 Ng6 42. Bc4 Be5+ 43. Kc2 Nf4 44. Bf1 Kd6 45. Bf2 Ne6 46. Bb5
1/2-1/2

[Event "East Lansing (MI Op/2)"]
[Site "?"]
[Date "1982.??.??"]
[Round "?"]
[White "Szczypka, Tom"]
[Black "Jarosz, Stan"]
[Result "1-0"]
[WhiteElo "1925"]
[BlackElo "1820"]
[PlyCount "77"]
[EventDate "1982.??.??"]

1. d4 d5 2. Bf4 Nf6 3. Nc3 e6 4. a3 a6 5. Nf3 c5 6. e3 cxd4 7. exd4 h6 8. h4
Bd6 9. Qd2 Qc7 10. Bxd6 Qxd6 11. Bd3 b5 12. O-O Nc6 13. Rfe1 Bd7 14. Ne2 Ne4
15. Qe3 f5 16. c3 O-O-O 17. a4 Nb8 18. axb5 Bxb5 19. Bxb5 axb5 20. Ra5 g5 21.
hxg5 hxg5 22. Rxb5 Qd7 23. Rxb8+ Kxb8 24. Nxg5 Nxg5 25. Qxg5 Qh7 26. Ng3 Rdg8
27. Qf4+ Kb7 28. Rxe6 Re8 29. Qd6 Rxe6 30. Qxe6 f4 31. Qxd5+ Kb8 32. Qd6+ Ka7
33. Qxf4 Qb1+ 34. Nf1 Qh7 35. Qh2 Qg7 36. Qe5 Qh7 37. Qc5+ Ka8 38. Qc6+ Ka7 39.
g3 1-0

[Event "East Lansing (MI Op/7)"]
[Site "?"]
[Date "1982.??.??"]
[Round "?"]
[White "Szczypka, Tom"]
[Black "Collyer, R.."]
[Result "0-1"]
[WhiteElo "1925"]
[BlackElo "1855"]
[PlyCount "54"]
[EventDate "1982.??.??"]

1. d4 e6 2. Nf3 Nf6 3. c3 c5 4. Qc2 cxd4 5. cxd4 d5 6. Bf4 Nc6 7. Nc3 Bd7 8. a3
Be7 9. e3 Rc8 10. Bd3 a6 11. h3 Na5 12. O-O h6 13. Qe2 Nc4 14. Rac1 b5 15. Ne5
O-O 16. Rc2 Nxb2 17. Nxd5 Nxd5 18. Rxc8 Bxc8 19. Qxb2 Nxf4 20. exf4 Qd6 21. a4
bxa4 22. Rc1 a3 23. Qa1 Bb7 24. Bxa6 Qxa6 25. Rc7 Bd6 26. Rd7 Bxe5 27. dxe5 Qc6
0-1

[Event "East Lansing (MI Op/4)"]
[Site "?"]
[Date "1982.??.??"]
[Round "?"]
[White "Szczypka, Tom"]
[Black "Baze, Lineas"]
[Result "1-0"]
[WhiteElo "1925"]
[BlackElo "1860"]
[PlyCount "61"]
[EventDate "1982.??.??"]

1. d4 Nf6 2. Nc3 d5 3. Bf4 c6 4. f3 Nh5 5. Bc1 e5 6. g3 exd4 7. Qxd4 Bd6 8. Nh3
Bxh3 9. Bxh3 O-O 10. O-O Na6 11. Qd1 Re8 12. e4 d4 13. Ne2 Bc5 14. Kh1 Qb6 15.
Qd2 Rad8 16. a3 Qc7 17. Nf4 Nf6 18. Re1 Bd6 19. Qe2 Nc5 20. Nd3 Nxd3 21. cxd3
Bxg3 22. hxg3 Qxg3 23. Qf1 Re5 24. Re2 Nh5 25. Rh2 Qh4 26. Qf2 Ng3+ 27. Kg1 Rd6
28. Bf5 Qxh2+ 29. Qxh2 Nxf5 30. Qxe5 Rg6+ 31. Kf2 1-0

[Event "Southfield (MEX/6)"]
[Site "?"]
[Date "1982.??.??"]
[Round "?"]
[White "Stein, K.."]
[Black "Martinovsky, E.."]
[Result "0-1"]
[WhiteElo "2280"]
[BlackElo "2405"]
[PlyCount "134"]
[EventDate "1982.??.??"]

1. e4 c6 2. d4 d5 3. Nc3 dxe4 4. Nxe4 Nf6 5. Nxf6+ exf6 6. Bc4 Nd7 7. Ne2 Bd6
8. O-O O-O 9. Bf4 Nb6 10. Bb3 Re8 11. Bxd6 Qxd6 12. Ng3 a5 13. c3 f5 14. Qh5 g6
15. Qh6 Be6 16. Rfe1 a4 17. Bc2 Qf8 18. Qg5 Qg7 19. Bd3 a3 20. b3 Rad8 21. Qc1
Qf8 22. Ne2 Nd5 23. b4 Ra8 24. Bc2 Bd7 25. Bb3 Qd6 26. Qh6 Nf6 27. Qf4 Qe7 28.
Kf1 Nd5 29. Qd2 Qd6 30. Kg1 Be6 31. Bxd5 Bxd5 32. Nf4 Rxe1+ 33. Rxe1 Bxa2 34.
Qxa2 Qxf4 35. Re3 Qd6 36. g3 f4 37. gxf4 Qxf4 38. c4 Qg4+ 39. Rg3 Qd1+ 40. Kg2
Qxd4 41. Rxa3 Qg4+ 42. Kh1 Rxa3 43. Qxa3 Qxc4 44. Kg2 b5 45. Qa8+ Kg7 46. Qa1+
Kh6 47. Qe1 Qe6 48. Qd2+ Kg7 49. f3 Qe5 50. Qc2 h5 51. Qxc6 Qb2+ 52. Kg3 Qxb4
53. Qd5 Qb2 54. h4 b4 55. Qc5 Qc3 56. Qa5 Qd4 57. Qa4 Qe5+ 58. Kh3 Qe6+ 59. Kg3
b3 60. Qb5 Qd6+ 61. Kh3 Qe6+ 62. Kg3 Kh7 63. Kg2 Qe3 64. Kg3 Qc3 65. Qd5 Kg7
66. Kh3 b2 67. Qe4 Qb3 0-1

[Event "Southfield (MEX/4)"]
[Site "?"]
[Date "1982.??.??"]
[Round "?"]
[White "Stein, K.."]
[Black "Lindsay, F.."]
[Result "1/2-1/2"]
[WhiteElo "2280"]
[BlackElo "2270"]
[PlyCount "52"]
[EventDate "1982.??.??"]

1. e4 Nf6 2. e5 Nd5 3. d4 d6 4. Nf3 Bg4 5. Be2 c6 6. O-O Bxf3 7. Bxf3 dxe5 8.
dxe5 e6 9. c4 Nb4 10. Qxd8+ Kxd8 11. Be4 Nd7 12. Rd1 Kc7 13. Bf4 a5 14. Nc3 h6
15. Na4 Rd8 16. Rd2 g5 17. Be3 Bg7 18. a3 Na6 19. Rb1 c5 20. b4 axb4 21. axb4
cxb4 22. Rbd1 Bxe5 23. g3 f5 24. Bf3 f4 25. Ba7 Nab8 26. Nb6 Bf6 1/2-1/2

[Event "Southfield (MEX/1)"]
[Site "?"]
[Date "1982.??.??"]
[Round "?"]
[White "Stein, K.."]
[Black "Laren, Philip"]
[Result "1/2-1/2"]
[WhiteElo "2280"]
[BlackElo "2085"]
[PlyCount "88"]
[EventDate "1982.??.??"]

1. e4 e6 2. d4 d5 3. e5 c5 4. c3 Nc6 5. Nf3 Qb6 6. Be2 cxd4 7. cxd4 Nh6 8. Nc3
Nf5 9. Kf1 Bd7 10. Na4 Qd8 11. Bf4 Be7 12. g4 Nh4 13. Nxh4 Bxh4 14. Nc5 Be7 15.
Rc1 Qb6 16. Nb3 a5 17. a4 f6 18. Be3 Rf8 19. Kg2 fxe5 20. dxe5 Qc7 21. f4 g5
22. Rf1 gxf4 23. Bxf4 Rxf4 24. Rxf4 Bg5 25. Rf2 Bxc1 26. Qxc1 O-O-O 27. Bd3
Qxe5 28. Nxa5 Rg8 29. h3 h5 30. Nxc6 Bxc6 31. Qf4 Qxf4 32. Rxf4 e5 33. Rf5 e4
34. Be2 d4 35. Kf2 hxg4 36. Bxg4 Kc7 37. Ke2 Bxa4 38. Rd5 Rd8 39. Re5 Re8 40.
Rd5 Rd8 41. Re5 d3+ 42. Kd2 Re8 43. Rxe8 Bxe8 44. Bf5 Bd7 1/2-1/2

[Event "East Lansing (MI Op/2)"]
[Site "?"]
[Date "1982.??.??"]
[Round "?"]
[White "Smith, Ronald"]
[Black "Woods, T.."]
[Result "1-0"]
[WhiteElo "1845"]
[BlackElo "1605"]
[PlyCount "119"]
[EventDate "1982.??.??"]

1. e4 c5 2. Nf3 Nc6 3. d4 cxd4 4. Nxd4 e6 5. Bc4 Ne5 6. Bb3 Nf6 7. Qe2 Bc5 8.
c3 Nc6 9. Be3 Qb6 10. Nxc6 Bxe3 11. Ne5 Bxf2+ 12. Qxf2 Qxf2+ 13. Kxf2 Nxe4+ 14.
Ke3 Nf6 15. Nd2 O-O 16. Ndc4 Nd5+ 17. Kf2 f6 18. Nd3 b5 19. Nd6 Nc7 20. Rad1 a5
21. a3 Rb8 22. Rhe1 h6 23. Ba2 Kh7 24. b4 axb4 25. axb4 Ra8 26. Bb3 Ra3 27. Nc5
f5 28. Ra1 Rxa1 29. Rxa1 Rf6 30. Nxc8 d6 31. Nd7 Rf7 32. Ncb6 d5 33. Ne5 Rf8
34. Ra7 Ne8 35. Ra8 Rg8 36. Bc2 h5 37. Bd3 Nf6 38. Rxg8 Kxg8 39. Nc8 Kh7 40.
Nd6 g5 41. Nxb5 Ne4+ 42. Bxe4 dxe4 43. Nd4 f4 44. Nxe6 e3+ 45. Ke2 Kh6 46. b5
h4 47. Nf7+ Kh5 48. Nfxg5 Kg4 49. b6 Kf5 50. b7 Kf6 51. b8=Q f3+ 52. Kxf3 h3
53. Qf4+ Ke7 54. Qf7+ Kd6 55. Nf4 e2 56. Qd5+ Ke7 57. Qe6+ Kd8 58. Nf7+ Kc7 59.
Nd5+ Kb8 60. Qb6+ 1-0

[Event "East Lansing (MI Op/7)"]
[Site "?"]
[Date "1982.??.??"]
[Round "?"]
[White "Smith, Ronald"]
[Black "Skidmore, Mike"]
[Result "1/2-1/2"]
[WhiteElo "1845"]
[BlackElo "1880"]
[PlyCount "120"]
[EventDate "1982.??.??"]

1. Nf3 c5 2. c4 Nc6 3. Nc3 Nf6 4. g3 d6 5. Bg2 e6 6. O-O Be7 7. d3 O-O 8. h3 d5
9. cxd5 exd5 10. e4 d4 11. Ne2 Qc7 12. Nh2 h6 13. f4 Rd8 14. g4 Nh7 15. Ng3 b5
16. Qf3 c4 17. Nf5 Bxf5 18. gxf5 Nb4 19. e5 Nxd3 20. Qg3 Rac8 21. Ng4 Kh8 22.
Kh1 Nxc1 23. Raxc1 d3 24. Bf3 d2 25. Rcd1 c3 26. bxc3 Qxc3 27. Nf2 Bh4 28. Qg2
g5 29. fxg6 fxg6 30. Ne4 Qe3 31. Nd6 Rc7 32. Bd5 Rf8 33. Rxd2 Rxf4 34. Re2
Rxf1+ 35. Qxf1 Qd3 36. Be4 Qg3 37. Rc2 Rxc2 38. Bxc2 Qf2 39. Qxf2 Bxf2 40. Kg2
Bd4 41. Nxb5 Bxe5 42. Nxa7 Kg7 43. Nc6 Bd6 44. a4 Nf8 45. a5 Ne6 46. a6 Nc7 47.
Bd3 Kf6 48. Kf3 g5 49. Bc4 Kf5 50. Nd4+ Ke5 51. Nc6+ Kf5 52. Bd3+ Ke6 53. Nd8+
Ke7 54. Nb7 Bf4 55. Nc5 Kd6 56. Ne4+ Kc6 57. Nf6 Kb6 58. Kg4 Nxa6 59. Bxa6 Kxa6
60. Ng8 Kb6 1/2-1/2

[Event "East Lansing (MI Op/1)"]
[Site "?"]
[Date "1982.??.??"]
[Round "?"]
[White "Smith, Ronald"]
[Black "Pray, Don"]
[Result "0-1"]
[WhiteElo "1845"]
[BlackElo "2070"]
[PlyCount "50"]
[EventDate "1982.??.??"]

1. e4 e6 2. d4 d5 3. Nc3 Bb4 4. a3 Bxc3+ 5. bxc3 dxe4 6. f3 c5 7. h4 Nc6 8. Bb5
Bd7 9. fxe4 cxd4 10. Qg4 Nf6 11. Qxg7 Rg8 12. Qh6 Rg6 13. Qf4 e5 14. Qf1 Nxe4
15. Bg5 Qa5 16. Rh3 Bxh3 17. Bxc6+ bxc6 18. Qc4 Qxc3+ 19. Qxc3 Nxc3 20. Nxh3 f6
21. h5 Rxg5 22. Nxg5 fxg5 23. Kd2 Rb8 24. Rf1 Rb1 25. Rf5 Rd1# 0-1

[Event "East Lansing (MI Op/4)"]
[Site "?"]
[Date "1982.??.??"]
[Round "?"]
[White "Smith, Ronald"]
[Black "Dangremond, Leonard"]
[Result "0-1"]
[WhiteElo "1845"]
[BlackElo "1920"]
[PlyCount "63"]
[EventDate "1982.??.??"]

1. c4 Nf6 2. Nc3 g6 3. g3 Bg7 4. Bg2 O-O 5. Nf3 Na6 6. d3 c6 7. O-O d5 8. cxd5
Nxd5 9. Bd2 Nac7 10. a4 h6 11. Qc1 Kh7 12. a5 Be6 13. Ra4 g5 14. Nd4 Bd7 15.
Ra1 Bxd4 16. h4 Nxc3 17. Bxc3 Bxc3 18. hxg5 Be5 19. Be4+ Kg7 20. Kg2 f5 21.
gxf6+ Rxf6 22. Rh1 Be6 23. f4 Bd6 24. Qc3 Bd5 25. Rxh6 Bxe4+ 26. dxe4 Nb5 27.
Qxf6+ exf6 28. Rah1 Qg8 29. f5 Rf8 30. Rg6+ Kf7 31. Rxg8 Rxg8 32. Rh7+ 0-1

[Event "Southfield (MEX/6)"]
[Site "?"]
[Date "1982.??.??"]
[Round "?"]
[White "Smith, Michael R"]
[Black "Willey, M.."]
[Result "1-0"]
[WhiteElo "2065"]
[BlackElo "2045"]
[PlyCount "74"]
[EventDate "1982.??.??"]

1. e4 d6 2. d4 Nf6 3. Nc3 g6 4. f3 c6 5. Be3 b5 6. Qd2 Qc7 7. a4 b4 8. Nd1 a5
9. Bd3 Bg7 10. Bh6 Bxh6 11. Qxh6 Qb6 12. Ne2 Nbd7 13. Ne3 Bb7 14. O-O e5 15.
Nc4 Qc7 16. c3 exd4 17. cxd4 O-O-O 18. Qf4 Ne8 19. Qxf7 Rf8 20. Qxh7 Nef6 21.
Qxg6 Rg8 22. Qf5 d5 23. Ne5 Rdf8 24. Rac1 Kb8 25. exd5 c5 26. Bb5 Nb6 27. Nc6+
Ka8 28. Qe5 Qg7 29. g3 Re8 30. Qd6 Nfxd5 31. Nxa5 Rxe2 32. Bxe2 Qxd4+ 33. Kh1
Qxb2 34. Nxb7 Qxe2 35. Nxc5 Rc8 36. Rce1 Qc2 37. Re8 Qxc5 1-0